ASME 2020 Fluids Engineering Division Summer Meeting collocated with the ASME 2020 Heat Transfer Summer Conference and the ASME 2020 18th International Conference on Nanochannels, Microchannels, and Minichannels: Volume 3: Computational Fluid Dynamics; Micro and Nano Fluid Dynamics

Detalhes bibliográficos
Formato: Recurso Electrónico Periódico
Idioma:English
Publicado em: ASME
Acesso em linha:Full text available on ASME[2020-2020]
Off-campus access
LEADER 01178cas a2200181 a 4500
001 AALConferenceProceedingsASME000160
008 230101c9999 xx r poo 0 0eng d
020 |a 978-0-7918-8373-0 
040 |a BD-DhAAL  |c BD-DhAAL 
245 0 0 |h [electronic resource]  |a ASME 2020 Fluids Engineering Division Summer Meeting collocated with the ASME 2020 Heat Transfer Summer Conference and the ASME 2020 18th International Conference on Nanochannels, Microchannels, and Minichannels: Volume 3: Computational Fluid Dynamics; Micro and Nano Fluid Dynamics  
260 |b ASME 
300 |a 1 online resource 
500 |a <strong>Off-Campus Access:</strong> Athens ID and Password Required 
500 |a <strong>On-Campus Access:</strong> No User ID or Password Required 
506 |a Electronic access restricted to authorized BRAC University faculty, staff and students 
538 |a Mode of access: Internet 
856 4 0 |z Full text available on ASME[2020-2020]  |u https://asmedigitalcollection.asme.org/FEDSM/FEDSM2020/volume/83730 
856 4 0 |z Off-campus access  |u https://go.openathens.net/redirector/bracu.ac.bd?url=https%3A%2F%2Fasmedigitalcollection.asme.org%2FFEDSM%2FFEDSM2020%2Fvolume%2F83730